| 000 | 00667nam a2200229 a 4500 | ||
|---|---|---|---|
| 005 | 20140310183449.0 | ||
| 008 | 081223s19uu xx 00 eng d | ||
| 020 | _a9780230008366 | ||
| 050 |
_aHD 62.4 _b.L37 2007 |
||
| 100 | _aLasserre, Philippe | ||
| 245 |
_aGlobal strategic management / _cPhilippe Lasserre |
||
| 250 | _a2nd ed. | ||
| 260 |
_aNew York : _bPalgrave Macmillan, _c2007. |
||
| 300 |
_a483 p. : _bill. ; _c24 cm. |
||
| 521 | _aBSBA | ||
| 650 | _aBSBA. | ||
| 650 |
_aInternational business enterprises _xManagement. |
||
| 650 | _aStrategic planning. | ||
| 650 |
_aGlobalization _xEconomic aspects. |
||
| 942 |
_cBK _2lcc _kFOR |
||
| 999 |
_c23335 _d23335 |
||